000 00156nam a22000857a 4500
082 _a823
100 _aB WISEMAN
245 _aMORRIS GOES TO SCHOOL
942 _cBK
999 _c8151
_d8151